Membrane engineering for the treatment of gases. Volume 2, Gas-separation problems combined with membrane reactors /

Membranes already have important applications in artificial organs, the processing of biotechnological products, food manufacture, waste water treatment, and seawater desalination. Their uses in gaseous mixture separations are, however, far from achieving their full potential. Separation of air comp...

Full description

Bibliographic Details
Other Authors: Barbieri, Giuseppe, Drioli, E.
Format: eBook
Language:English
Published: Cambridge : Royal Society of Chemistry, [2011]
Subjects:
Online Access:Connect to the full text of this electronic book

MARC

Tag First Indicator Second Indicator Subfields
LEADER 00000cam a2200000Ka 4500
001 in00004357828
005 20210728140514.0
006 m o d
007 cr cn|||||||||
008 110809s2011 enk ob 001 0 eng d
020 |a 1849733481  |q (electronic bk.) 
020 |a 9781849733489  |q (electronic bk.) 
024 7 |a 10.1039/9781849733489  |2 doi 
035 |a (OCoLC)746035478 
035 |a (OCoLC)ocn746035478 
035 |a 6432567 
037 |a T3518  |b Royal Society of Chemistry  |n http://www.rsc.org/spr 
040 |a UKRSC  |b eng  |e pn  |c UKRSC  |d OCLCQ  |d N$T  |d OCLCF  |d YDXCP  |d OCLCQ  |d DEBSZ  |d VTS  |d STF  |d LEAUB  |d M8D  |d OCLCQ  |d K6U  |d UtOrBLW 
049 |a TXAM 
050 4 |a TP248.25.M46  |b M46 2011 
072 7 |a SCI  |x 013060  |2 bisacsh 
072 7 |a TEC  |x 009010  |2 bisacsh 
082 0 4 |a 660/.2842  |2 23 
245 0 0 |a Membrane engineering for the treatment of gases.  |n Volume 2,  |p Gas-separation problems combined with membrane reactors /  |c editors: Enrico Drioli, Giuseppe Barbieri. 
246 3 0 |a Gas-separation problems combined with membrane reactors 
264 1 |a Cambridge :  |b Royal Society of Chemistry,  |c [2011] 
264 4 |c ©2011 
300 |a 1 online resource (xix, 323 pages) 
336 |a text  |b txt  |2 rdacontent 
337 |a computer  |b c  |2 rdamedia 
338 |a online resource  |b cr  |2 rdacarrier 
500 |a Electronic resource. 
504 |a Includes bibliographical references and index. 
520 |a Membranes already have important applications in artificial organs, the processing of biotechnological products, food manufacture, waste water treatment, and seawater desalination. Their uses in gaseous mixture separations are, however, far from achieving their full potential. Separation of air components, natural gas dehumidification and sweeting, separation and recovery of CO2 from biogas, and H2 from refinery gases are all examples of current industrial applications. The use of membranes for reducing the greenhouse effect and improving energy efficiency has also been suggested. New process intensification strategies in the petrochemical industry have opened up another growth area for gas separation membrane systems and membrane reactors. This two volume set presents the state-of-the-art in membrane engineering for the separation of gases. It addresses future developments in carbon capture and utilization, H2 production and purification, and O2/N2 separation. Topics covered include the: applications of membrane gas separation in the petrochemical industry; implementation of membrane processes for post-combustion capture; commercial applications of membranes in gas separations; simulation of membrane systems for CO2 capture; design and development of membrane reactors for industrial applications; Pd-based membranes in hydrogen production; modelling and simulation of membrane reactors for hydrogen production and purification; novel hybrid membrane/pressure swing adsorption process for gas separation; molecular dynamics as a new tool for membrane design, and physical aging of membranes for gas separations. Volume 2 looks at problems combined with membrane reactors. 
650 0 |a Gas separation membranes.  |0 http://id.loc.gov/authorities/subjects/sh87007243 
650 7 |a Gas separation membranes.  |2 fast  |0 (OCoLC)fst00938430 
650 7 |a SCIENCE  |x Chemistry  |x Industrial & Technical.  |2 bisacsh 
650 7 |a TECHNOLOGY & ENGINEERING  |x Chemical & Biochemical.  |2 bisacsh 
655 7 |a Electronic books.  |2 local 
700 1 |a Barbieri, Giuseppe.  |0 http://id.loc.gov/authorities/names/n85109621 
700 1 |a Drioli, E.  |0 http://id.loc.gov/authorities/names/n85374580 
856 4 0 |u http://proxy.library.tamu.edu/login?url=https://dx.doi.org/10.1039/9781849733489  |z Connect to the full text of this electronic book  |t 0 
955 |a RSC eBooks 
994 |a 92  |b TXA 
999 f f |s 6951ec18-ce23-3be1-8910-b880cacff986  |i 811544b9-9efb-3227-aa4a-d6f2fef75208  |t 0 
952 f f |a Texas A&M University  |b College Station  |c Electronic Resources  |d Available Online  |t 0  |e TP248.25.M46 M46 2011  |h Library of Congress classification 
998 f f |a TP248.25.M46 M46 2011  |t 0  |l Available Online